| 000 | 01112nmc a2200373 a 4500 | ||
|---|---|---|---|
| 003 | AR-BaBNM | ||
| 005 | 20251128203924.0 | ||
| 008 | 011101s1993 ||||||||||||||000 | spa|| | ||
| 020 | _a950-701-154-4 | ||
| 040 | _cAR-BaBNM | ||
| 100 | 1 | _aGonzález Gómez, Ana | |
| 245 | 1 | 0 | _aLa producción de textos en un programa de lectura |
| 250 | _a1ª ed. | ||
| 260 |
_aBuenos Aires _bCERLALC _bAique _c1993 |
||
| 300 | 0 | _a53 p. | |
| 490 | 0 |
_aLa escuela y la formación de lectores autónomos _vv. 7 |
|
| 500 | 0 | _aSugerencias bibliográficas: p. 53 | |
| 650 | 4 | _aCUENTO [FORMA Y GENERO LITERARIO] | |
| 650 | 4 | _aAPTITUD PARA LA COMUNICACION | |
| 650 | 4 | _aMEJORA DE LA LECTURA | |
| 650 | 4 | _aPROCESO DE LECTURA | |
| 650 | 4 | _aMEJORA DE LA ESCRITURA | |
| 650 | 4 | _aLITERATURA INFANTIL | |
| 650 | 4 | _aCANCIONES | |
| 650 | 4 | _aPOESIA | |
| 650 | 4 | _aNARRACION DE CUENTOS | |
| 650 | 4 | _aROL DEL DOCENTE | |
| 650 | 4 | _aPRODUCCION DE LIBROS DE TEXTO | |
| 650 | 4 | _aPROMOCION DE LA LECTURA | |
| 650 | 4 | _aRECURSOS EDUCACIONALES | |
| 700 | 1 | _aCharría de Alonso, María Elvira | |
| 942 | _cBK | ||
| 998 | _cSILVI | ||
| 999 |
_c5478 _d5478 |
||